000
00317nam a2200121 a 4500
005
20140414131915.0
008
100915s19uu xx 00 eng d
050
_a
FIC
_b
F91 1991
100
_a
Fritz, Jean
245
_a
Bully for you, Teddy Roosevelt!.
260
_a
New York :
_b
Scholastic ,
_c
1991.
999
_c
111406
_d
111406